000 00218nam a22000857a 4500
008 160624b xxu||||| |||| 00| 0 eng d
100 _9994
_aReader's Digest
245 _aTen Best Books
260 _aBombay
_bReader's Digest
_c1992
999 _c793
_d793